[Event "IND-ch U20"]
[Site "Chennai"]
[Date "2009.09.25"]
[Round "8"]
[White "Satyajit, Kundu"]
[Black "Karthikeyan, Pandian"]
[Result "1-0"]
[WhiteElo "2180"]
[BlackElo "2449"]
[PlyCount "133"]
[EventDate "2009.09.20"]
[EventType "swiss"]
[EventRounds "11"]
[EventCountry "IND"]
[SourceTitle "CBM 132 Extra"]
[Source "ChessBase"]
[SourceDate "2009.11.03"]
[SourceVersion "1"]
[SourceVersionDate "2009.11.03"]
[SourceQuality "1"]

1. e4 e5 2. Nf3 Nc6 3. c3 d5 4. Qa4 dxe4 5. Nxe5 Qd5 6. Nxc6 bxc6 7. Bc4 Qd6 8.
d3 exd3 9. O-O Be7 10. Bxd3 Nf6 11. Bf4 Qd7 12. Rd1 Bd6 13. Bf5 Qxf5 14. Qxc6+
Qd7 15. Qxa8 O-O 16. Qf3 Qb5 17. Bxd6 cxd6 18. Na3 Qxb2 19. Nc4 Qb8 20. Qg3 Ne4
21. Qd3 d5 22. Ne3 Bb7 23. f3 Nf6 24. Qd4 h5 25. Rab1 Qa8 26. Nf5 Ba6 27. Qf4
Qd8 28. Qd6 Qxd6 29. Nxd6 Rd8 30. Ne4 Bc4 31. Nxf6+ gxf6 32. a3 Rd6 33. Rb4 Re6
34. Rb2 Re3 35. Rc1 Kg7 36. Kf2 Rd3 37. a4 a6 38. a5 Kg6 39. Kg3 Kg5 40. h4+
Kf5 41. Rb7 Rd2 42. Rxf7 Ra2 43. Rh7 Kg6 44. Rb7 Rxa5 45. Kf4 Ra4 46. Rb4 Ra2
47. g4 hxg4 48. fxg4 Rf2+ 49. Kg3 Re2 50. Rf1 Re6 51. Rf4 a5 52. Ra4 Ra6 53.
Rf2 Ra7 54. Rb2 Re7 55. Rxa5 Re3+ 56. Kf4 Re1 57. Rf2 Re4+ 58. Kg3 Be2 59. Rf4
Re5 60. Rc5 Re6 61. Rxd5 Rc6 62. h5+ Kg7 63. Rd7+ Kh8 64. Re4 Rxc3+ 65. Kh4 Bc4
66. Re8+ Bg8 67. Rdd8 1-0

[Event "SRB-chT 1st League"]
[Site "Vrnjacka Banja"]
[Date "2009.09.24"]
[Round "9"]
[White "Brankovic, Dejan"]
[Black "Adzic, Momcilo"]
[Result "1-0"]
[WhiteElo "2358"]
[BlackElo "2258"]
[PlyCount "21"]
[EventDate "2009.09.19"]
[EventType "team-swiss"]
[EventRounds "11"]
[EventCountry "YUG"]
[SourceTitle "CBM 132 Extra"]
[Source "ChessBase"]
[SourceDate "2009.11.03"]
[SourceVersion "1"]
[SourceVersionDate "2009.11.03"]
[SourceQuality "1"]

1. e4 e5 2. Nf3 Nc6 3. c3 Nf6 4. d4 d6 5. h3 exd4 6. cxd4 Nxe4 7. d5 Qe7 8. Be2
Nb8 9. O-O Qd7 10. Nd4 Be7 11. Bg4 1-0

[Event "Nuremberg Zabo op 11th"]
[Site "Nuremberg"]
[Date "2009.09.20"]
[Round "5"]
[White "Wettermann, Bernd"]
[Black "Schaefer, Erich"]
[Result "1-0"]
[WhiteElo "1746"]
[BlackElo "1475"]
[PlyCount "44"]
[EventDate "2009.09.18"]
[EventType "swiss"]
[EventRounds "5"]
[EventCountry "GER"]
[SourceTitle "EXT 2012"]
[Source "ChessBase"]
[SourceDate "2011.11.24"]
[SourceVersion "1"]
[SourceVersionDate "2011.11.24"]
[SourceQuality "1"]

1. e4 e5 2. Nf3 Nc6 3. c3 d5 4. Bb5 Bg4 5. Qa4 Bd7 6. exd5 a6 7. dxc6 axb5 8.
cxd7+ Kxd7 9. Qxb5+ Kc8 10. Nxe5 Qe7 11. O-O f6 12. Nf3 c6 13. Qb3 Qd7 14. d4
Ne7 15. Nbd2 Nd5 16. Ne4 Bd6 17. c4 Nf4 18. Bxf4 Bxf4 19. Nc5 Qf7 20. Rfe1 g5
21. Re6 Rb8 22. Rae1 Be5 1-0

[Event "Nuremberg Zabo op 11th"]
[Site "Nuremberg"]
[Date "2009.09.19"]
[Round "3"]
[White "Babichev, Vyacheslav"]
[Black "Tong, Kevin"]
[Result "1-0"]
[WhiteElo "1718"]
[BlackElo "1119"]
[PlyCount "103"]
[EventDate "2009.09.18"]
[EventType "swiss"]
[EventRounds "5"]
[EventCountry "GER"]
[SourceTitle "EXT 2012"]
[Source "ChessBase"]
[SourceDate "2011.11.24"]
[SourceVersion "1"]
[SourceVersionDate "2011.11.24"]
[SourceQuality "1"]

1. e4 e5 2. Nf3 Nc6 3. c3 Bc5 4. d4 exd4 5. cxd4 Bb6 6. Bg5 f6 7. Be3 Nge7 8.
Bd3 d6 9. O-O O-O 10. h3 Kh8 11. a3 f5 12. d5 Ne5 13. Nxe5 dxe5 14. Bxb6 axb6
15. Nc3 Ng6 16. Ne2 f4 17. f3 Qg5 18. Kh2 Bd7 19. Rc1 Rac8 20. Qe1 Rf6 21. Qf2
Nh4 22. Rg1 Rh6 23. Nc3 Qh5 24. Bf1 Ng6 25. Nb5 Bxb5 26. Bxb5 Ne7 27. Bd7 Rb8
28. Rxc7 Qg5 29. Rgc1 Rf6 30. Be6 Rff8 31. Qxb6 Qg3+ 32. Kg1 Ng6 33. Qf2 Qg5
34. d6 Rfd8 35. Qd2 Nh4 36. Kh1 h6 37. Rc8 Rbxc8 38. Rxc8 Rxc8 39. Bxc8 b6 40.
Bg4 Ng6 41. d7 Qd8 42. Qc3 Ne7 43. Qxe5 b5 44. Qxb5 Ng8 45. Qc5 Ne7 46. Qh5 Kh7
47. Qe8 Qxe8 48. dxe8=Q Nd5 49. exd5 h5 50. Qxh5+ Kg8 51. Be6+ Kf8 52. Qf7# 1-0

[Event "GER-chT Seniors"]
[Site "Finsterbergen"]
[Date "2009.09.18"]
[Round "7"]
[White "Kirmas, Joachim"]
[Black "Hentzschel, Erhard"]
[Result "1-0"]
[WhiteElo "2124"]
[BlackElo "1942"]
[PlyCount "61"]
[EventDate "2009.09.12"]
[EventType "team-swiss"]
[EventRounds "7"]
[EventCountry "GER"]
[SourceTitle "CBM 132 Extra"]
[Source "ChessBase"]
[SourceDate "2009.11.03"]
[SourceVersion "1"]
[SourceVersionDate "2009.11.03"]
[SourceQuality "1"]

1. e4 e5 2. Nf3 Nc6 3. c3 Nf6 4. d4 exd4 5. e5 Qe7 6. cxd4 Ne4 7. Nc3 Qb4 8.
Qd3 d5 9. a3 Qa5 10. Rb1 Bf5 11. b4 Nxb4 12. axb4 Bxb4 13. Qb5+ Qxb5 14. Bxb5+
c6 15. Rxb4 Nxc3 16. Bf1 Na2 17. Rxb7 Nxc1 18. Kd2 O-O 19. Ba6 Bc8 20. Rxc1
Bxb7 21. Bxb7 Rab8 22. Bxc6 Rb2+ 23. Ke3 Rc8 24. Rc5 Rb3+ 25. Kf4 Rb6 26. Bxd5
Rxc5 27. dxc5 Rb5 28. Ng5 Rxc5 29. Bxf7+ Kh8 30. e6 Rc7 31. Ke5 1-0

[Event "GER-chT Seniors"]
[Site "Finsterbergen"]
[Date "2009.09.18"]
[Round "7"]
[White "Schmid, Hartmut"]
[Black "Dushatskiy, Fedor"]
[Result "0-1"]
[WhiteElo "2171"]
[BlackElo "2187"]
[PlyCount "72"]
[EventDate "2009.09.12"]
[EventType "team-swiss"]
[EventRounds "7"]
[EventCountry "GER"]
[SourceTitle "CBM 132 Extra"]
[Source "ChessBase"]
[SourceDate "2009.11.03"]
[SourceVersion "1"]
[SourceVersionDate "2009.11.03"]
[SourceQuality "1"]

1. e4 e5 2. Nf3 Nc6 3. c3 Be7 4. d4 d6 5. Bd3 Nf6 6. Be3 O-O 7. Qc2 exd4 8.
cxd4 Nb4 9. Qb3 d5 10. exd5 Nxd3+ 11. Qxd3 Nxd5 12. O-O Nb4 13. Qd2 Bf5 14. Nc3
c6 15. Ne5 Bd6 16. a3 Nc2 17. Rac1 Nxe3 18. Qxe3 Re8 19. Rfd1 Qf6 20. f4 Qe6
21. Qf2 f6 22. Nd3 Qe3 23. Qxe3 Rxe3 24. Nc5 b6 25. Nb3 Be6 26. d5 cxd5 27. g3
Re8 28. Nd4 Bg4 29. Rd2 Bc5 30. b4 Bxd4 31. Rxd4 Rc8 32. h3 Be6 33. f5 Bxf5 34.
g4 Be4 35. Nxd5 Rxc1+ 36. Kf2 Rf3+ 0-1

[Event "Toronto Howard Ridout op U1700"]
[Site "Toronto"]
[Date "2009.09.17"]
[Round "2"]
[White "Yusuf, Magas"]
[Black "Seedhouse, Jeff"]
[Result "1-0"]
[WhiteElo "1462"]
[BlackElo "1578"]
[PlyCount "71"]
[EventDate "2009.09.10"]
[EventType "swiss"]
[EventRounds "8"]
[EventCountry "CAN"]
[SourceTitle "EXT 2011"]
[Source "ChessBase"]
[SourceDate "2010.11.26"]
[SourceVersion "1"]
[SourceVersionDate "2010.11.26"]
[SourceQuality "1"]

1. e4 e5 2. Nf3 Nc6 3. c3 Nf6 4. d4 exd4 5. e5 Ng4 6. cxd4 Bb4+ 7. Bd2 Bxd2+ 8.
Nbxd2 d6 9. Qa4 dxe5 10. h3 Nh6 11. Bb5 Qd5 12. Bxc6+ bxc6 13. dxe5 O-O 14. O-O
Qb5 15. Qxb5 cxb5 16. Rac1 Be6 17. Rxc7 Rfc8 18. Rfc1 Bc4 19. Rxc8+ Rxc8 20. b3
Nf5 21. bxc4 bxc4 22. Rxc4 Rxc4 23. Nxc4 Kf8 24. Nd6 Ne7 25. Ng5 f6 26. Nxh7+
Kg8 27. exf6 gxf6 28. Nxf6+ Kg7 29. Nfe8+ Kg6 30. Nc7 a5 31. a4 Kf6 32. Nb7 Nc6
33. h4 Kg6 34. Na6 Nb4 35. Nxb4 axb4 36. Nc5 1-0

[Event "GER-chT Seniors"]
[Site "Finsterbergen"]
[Date "2009.09.14"]
[Round "4"]
[White "Schmid, Hartmut"]
[Black "Kotzem, Ernst"]
[Result "1-0"]
[WhiteElo "2171"]
[BlackElo "2058"]
[PlyCount "83"]
[EventDate "2009.09.12"]
[EventType "team-swiss"]
[EventRounds "7"]
[EventCountry "GER"]
[SourceTitle "CBM 132 Extra"]
[Source "ChessBase"]
[SourceDate "2009.11.03"]
[SourceVersion "1"]
[SourceVersionDate "2009.11.03"]
[SourceQuality "1"]

1. e4 e5 2. Nf3 Nc6 3. c3 Nf6 4. d4 d5 5. exd5 Qxd5 6. Be3 Bg4 7. Be2 e4 8.
Nfd2 Bxe2 9. Qxe2 Qf5 10. Nc4 Bd6 11. Nbd2 O-O 12. h3 h5 13. g4 hxg4 14. hxg4
Qxg4 15. Qxg4 Nxg4 16. Nxe4 Nxe3 17. Nxe3 Bf4 18. Ke2 Bxe3 19. fxe3 Rfe8 20.
Kf3 Ne7 21. Rag1 Ng6 22. Ng3 Re6 23. e4 Rae8 24. Rh5 Rf6+ 25. Nf5 Ra6 26. a3
Rb6 27. Rg2 Rf6 28. Rgh2 Rfe6 29. Re2 Ne7 30. d5 Rf6 31. Reh2 Ng6 32. Rh7 Re5
33. Rxg7+ Kf8 34. Rgh7 Rexf5+ 35. exf5 Rxf5+ 36. Ke4 Rf4+ 37. Ke3 Rf5 38. Rf2
Rxd5 39. Rfxf7+ Ke8 40. Rxc7 Re5+ 41. Kd4 Re2 42. Rc8# 1-0

[Event "Kesarovski Georgiev Memorial 8th"]
[Site "Sunny Beach"]
[Date "2009.09.13"]
[Round "9"]
[White "Popov, Petar"]
[Black "Georgiev, Steljan"]
[Result "0-1"]
[WhiteElo "2232"]
[BlackElo "2150"]
[PlyCount "46"]
[EventDate "2009.09.07"]
[EventType "swiss"]
[EventRounds "9"]
[EventCountry "BUL"]
[SourceTitle "CBM 132 Extra"]
[Source "ChessBase"]
[SourceDate "2009.11.03"]
[SourceVersion "1"]
[SourceVersionDate "2009.11.03"]
[SourceQuality "1"]

1. e4 e5 2. Nf3 Nc6 3. c3 d5 4. Qa4 f6 5. Bb5 Nge7 6. exd5 Qxd5 7. O-O Bd7 8.
d4 e4 9. c4 Qh5 10. Nfd2 f5 11. Nc3 Ng6 12. d5 Bd6 13. g3 Nf4 14. Kh1 Qh3 15.
Rg1 Nd3 16. Rg2 Nce5 17. Bxd7+ Nxd7 18. Nf1 N3c5 19. Qd1 Ne5 20. b4 Ncd3 21.
Nb5 O-O 22. Nxd6 cxd6 23. Qb3 Ne1 0-1

[Event "Gravenpolder Seniors op"]
[Site "Gravenpolder"]
[Date "2009.09.09"]
[Round "4"]
[White "Van der Borgt, Peter"]
[Black "Defour, Rudy"]
[Result "1-0"]
[WhiteElo "2059"]
[BlackElo "1873"]
[PlyCount "71"]
[EventDate "2009.09.07"]
[EventType "swiss"]
[EventRounds "9"]
[EventCountry "NED"]
[SourceTitle "CBM 132 Extra"]
[Source "ChessBase"]
[SourceDate "2009.11.03"]
[SourceVersion "1"]
[SourceVersionDate "2009.11.03"]
[SourceQuality "1"]

1. e4 e5 2. Nf3 Nc6 3. c3 d5 4. Qa4 dxe4 5. Nxe5 Bd7 6. Nxd7 Qxd7 7. Qxe4+ Be7
8. Bb5 Nf6 9. Bxc6 bxc6 10. Qf3 Qe6+ 11. Qe2 Qxe2+ 12. Kxe2 c5 13. Na3 O-O 14.
Rd1 Ng4 15. h3 Ne5 16. d4 cxd4 17. cxd4 Nc6 18. Nc2 Rfe8 19. Rb1 Rad8 20. Be3
a5 21. Kf1 Nb4 22. Nxb4 axb4 23. Rdc1 Bd6 24. a4 Ra8 25. b3 h6 26. Rc4 Reb8 27.
Rbc1 Kf8 28. d5 Ra5 29. Rd1 Rd8 30. Ke2 f5 31. Bf4 Rb8 32. Bxd6+ cxd6 33. Rdd4
Ke7 34. Rxb4 Rxb4 35. Rxb4 Rxd5 36. Rb5 1-0

[Event "Rowy Seniors-ch 15th"]
[Site "Rowy"]
[Date "2009.09.09"]
[Round "2"]
[White "Niezgoda, Boleslaw"]
[Black "Feliksinski, Tadeusz"]
[Result "1/2-1/2"]
[WhiteElo "1769"]
[BlackElo "1814"]
[PlyCount "78"]
[EventDate "2009.09.08"]
[EventType "swiss"]
[EventRounds "9"]
[EventCountry "POL"]
[SourceTitle "EXT 2010"]
[Source "ChessBase"]
[SourceDate "2009.11.30"]
[SourceVersion "1"]
[SourceVersionDate "2009.11.30"]
[SourceQuality "1"]

1. e4 e5 2. Nf3 Nc6 3. c3 Nf6 4. Qc2 d5 5. d3 h6 6. Be2 Be7 7. O-O O-O 8. Nbd2
a6 9. Re1 b5 10. a3 Bb7 11. exd5 Nxd5 12. Ne4 Nf6 13. Ng3 Bc5 14. b4 Bb6 15.
Nf5 Nd7 16. Qd2 Qf6 17. Ng3 Rad8 18. Nh5 Qf5 19. Ng3 Qh7 20. Bb2 Nf6 21. Nh4 e4
22. Nhf5 Bc8 23. d4 Bxf5 24. Qf4 Be6 25. a4 Bc4 26. axb5 axb5 27. Bh5 Nxh5 28.
Nxh5 Qg6 29. Ng3 f5 30. Bc1 Qf6 31. Nh5 Qg6 32. Qh4 Rde8 33. Nf4 Qg4 34. Qg3
Qxg3 35. hxg3 g5 36. Nh3 Ra8 37. Rxa8 Rxa8 38. g4 Ra2 39. gxf5 Bd3 1/2-1/2

[Event "OP-00934"]
[Site "LSS"]
[Date "2009.09.06"]
[Round "?"]
[White "Isliyen, Mehmet"]
[Black "Brogioni, Maurizio"]
[Result "0-1"]
[WhiteElo "800"]
[BlackElo "800"]
[PlyCount "28"]
[EventDate "2009.08.31"]

1. e4 e5 2. Nf3 Nc6 3. c3 Nf6 4. d4 Nxe4 5. Nxe5 Nxe5 6. dxe5 Bc5 7. Be3 Bxe3
8. fxe3 Qh4+ 9. Ke2 d5 10. Qxd5 Be6 11. Qxb7 Qf2+ 12. Kd1 Rd8+ 13. Kc1 Qe1+ 14.
Kc2 Qd1# 0-1

[Event "EU-ch U12 Girls 19th"]
[Site "Fermo"]
[Date "2009.09.04"]
[Round "5"]
[White "Bitalzadeh, Mahsa"]
[Black "Zavgorodniaya, Alena"]
[Result "0-1"]
[WhiteElo "1795"]
[BlackElo "1685"]
[PlyCount "72"]
[EventDate "2009.08.31"]
[EventType "swiss"]
[EventRounds "9"]
[EventCountry "ITA"]
[SourceTitle "CBM 132 Extra"]
[Source "ChessBase"]
[SourceDate "2009.11.03"]
[SourceVersion "1"]
[SourceVersionDate "2009.11.03"]
[SourceQuality "1"]

1. e4 e5 2. Nf3 Nc6 3. c3 d5 4. Qa4 Bd7 5. exd5 Nd4 6. Qd1 Nxf3+ 7. Qxf3 Nf6 8.
c4 Bc5 9. h3 O-O 10. Be2 e4 11. Qb3 Bb6 12. Nc3 c6 13. O-O a5 14. d3 cxd5 15.
cxd5 a4 16. Qc2 Rc8 17. dxe4 Re8 18. Bd3 Nh5 19. Qe2 Ng3 20. Qf3 Nxf1 21. Kxf1
a3 22. Nb5 Bxb5 23. Bxb5 Rc2 24. Be3 Bxe3 25. Qxe3 axb2 26. Rb1 Qc8 27. Bd3
Rc1+ 28. Ke2 Qc3 29. f4 Rc8 30. Kf2 Rxb1 31. Bxb1 Qc1 32. Qd3 Rc3 33. Qf1 Qxf1+
34. Kxf1 Rc1+ 35. Ke2 Rxb1 36. d6 Re1+ 0-1

[Event "Szachowe Mistrzostwa Polski Osob Niepel"]
[Site "?"]
[Date "2009.09.04"]
[Round "?"]
[White "Jagiello, Adolf"]
[Black "Serbinowski, Mieczyslaw"]
[Result "0-1"]
[WhiteElo "1493"]
[BlackElo "1854"]
[PlyCount "70"]
[EventDate "2009.??.??"]
[SourceTitle "OM OTB B 201907"]
[Source "Opening Master"]
[SourceDate "2019.07.06"]
[SourceVersion "2"]
[SourceVersionDate "2019.07.06"]
[SourceQuality "1"]

1. e4 e5 2. Nf3 Nc6 3. c3 Nf6 4. d3 d5 5. Be2 dxe4 6. dxe4 Qxd1+ 7. Bxd1 Nxe4
8. Ba4 f6 9. b4 Bd7 10. O-O a6 11. Re1 Nd6 12. Nbd2 O-O-O 13. Kh1 b5 14. Bc2
Bf5 15. Bxf5+ Nxf5 16. Ne4 Be7 17. g4 Nd6 18. Nc5 Nb8 19. Ne6 Rdg8 20. Nc5 Nc4
21. a4 Bxc5 22. bxc5 c6 23. axb5 cxb5 24. Nd2 Nxd2 25. Bxd2 Rd8 26. Red1 Rd3
27. Kg2 Rhd8 28. Ra2 Kb7 29. f3 Kc6 30. Kf2 Rxc3 31. Ke2 Rxc5 32. Be3 Rxd1 33.
Bxc5 Rd7 34. Rc2 Kb7 35. Be3 Nc6 0-1

[Event "FICS rated standard game"]
[Site "FICS freechess.org"]
[Date "2009.09.04"]
[Round "?"]
[White "farzinali"]
[Black "VonLippe"]
[Result "1-0"]
[WhiteElo "2294"]
[BlackElo "2035"]
[PlyCount "37"]
[EventDate "2009.??.??"]
[SourceTitle "OM Portal C 201906"]
[Source "Opening Master"]
[SourceDate "2019.06.27"]
[SourceVersion "1"]
[SourceVersionDate "2019.06.27"]
[SourceQuality "1"]

1. e4 e5 2. Nf3 Nc6 3. c3 d5 4. Qa4 Qd6 5. exd5 Qxd5 6. Bb5 Bd7 7. O-O a6 8.
Bc4 Qd6 9. Na3 Nd4 10. Bxf7+ Kxf7 11. Nxe5+ Qxe5 12. Qxd7+ Kf6 13. cxd4 Qe7 14.
Qg4 h5 15. Qf3+ Kg6 16. Nc4 Qf6 17. Qe4+ Qf5 18. Ne5+ Kf6 19. Qxb7 1-0

[Event "Szachowe Mistrzostwa Polski Osob Niepel"]
[Site "?"]
[Date "2009.09.04"]
[Round "?"]
[White "Korycki, Jozef"]
[Black "Kocik, Genowefa"]
[Result "0-1"]
[WhiteElo "1650"]
[BlackElo "1546"]
[PlyCount "75"]
[EventDate "2009.??.??"]
[SourceTitle "OM OTB B 201907"]
[Source "Opening Master"]
[SourceDate "2019.07.06"]
[SourceVersion "2"]
[SourceVersionDate "2019.07.06"]
[SourceQuality "1"]

1. e4 e5 2. Nf3 Nc6 3. c3 Be7 4. d4 d6 5. d5 Nb8 6. Bd3 Bg4 7. h3 Bxf3 8. Qxf3
Bg5 9. O-O Bxc1 10. Rxc1 Nf6 11. Nd2 O-O 12. Nf1 Nbd7 13. Ng3 Nc5 14. Bc2 a5
15. a4 b6 16. Rf1 Nfd7 17. Nf5 Qg5 18. h4 Qf6 19. g4 g5 20. h5 h6 21. Kg2 Kh8
22. Rfe1 Nb7 23. Re3 Rac8 24. Qe2 c5 25. c4 Kh7 26. Rf3 Qd8 27. Rd1 f6 28. Rg3
Rg8 29. Qf3 Qf8 30. Ne3 Qf7 31. Qf5+ Kh8 32. Bd3 Rce8 33. Nc2 Nb8 34. Na3 Na6
35. Nb5 Rd8 36. Rf3 Rgf8 37. Na7 Rde8 38. Kh1 0-1

[Event "FICS rated standard game"]
[Site "FICS freechess.org"]
[Date "2009.09.04"]
[Round "?"]
[White "farzinali"]
[Black "VonLippe"]
[Result "1-0"]
[WhiteElo "2286"]
[BlackElo "2041"]
[PlyCount "49"]
[EventDate "2009.??.??"]
[SourceTitle "OM Portal C 201906"]
[Source "Opening Master"]
[SourceDate "2019.06.27"]
[SourceVersion "1"]
[SourceVersionDate "2019.06.27"]
[SourceQuality "1"]

1. e4 e5 2. Nf3 Nc6 3. c3 d5 4. Qa4 Qd6 5. d4 Bd7 6. Bb5 dxe4 7. Nxe5 Nxe5 8.
dxe5 Bxb5 9. Qxb5+ Qc6 10. Qxc6+ bxc6 11. Nd2 f5 12. f3 e3 13. Nc4 f4 14. g3 g5
15. h4 fxg3 16. hxg5 g2 17. Rg1 h6 18. g6 Ne7 19. Rxg2 Rg8 20. Bxe3 Rxg6 21.
Rxg6 Nxg6 22. Ke2 Bg7 23. Rg1 Kf7 24. e6+ Kf6 25. Bd4+ 1-0

[Event "Istanbul op 8th"]
[Site "Istanbul"]
[Date "2009.09.02"]
[Round "4"]
[White "Reyhan, Dogan Heval"]
[Black "Babujian, Levon"]
[Result "0-1"]
[WhiteElo "2284"]
[BlackElo "2515"]
[PlyCount "102"]
[EventDate "2009.08.31"]
[EventType "swiss"]
[EventRounds "9"]
[EventCountry "TUR"]
[SourceTitle "CBM 132 Extra"]
[Source "ChessBase"]
[SourceDate "2009.11.03"]
[SourceVersion "1"]
[SourceVersionDate "2009.11.03"]
[SourceQuality "1"]

1. e4 e5 2. Nf3 Nc6 3. c3 Nf6 4. d4 Nxe4 5. d5 Bc5 6. dxc6 Bxf2+ 7. Ke2 bxc6 8.
Qa4 f5 9. Nbd2 O-O 10. Nxe4 fxe4 11. Qxe4 d5 12. Qxe5 Re8 13. Qxe8+ Qxe8+ 14.
Kxf2 Bg4 15. Be3 Qe4 16. Rd1 Re8 17. Bg5 h6 18. Bd3 Qa4 19. Bc1 Bxf3 20. gxf3
Qh4+ 21. Kg2 Re5 22. Bd2 Rh5 23. Rde1 Kf7 24. Re2 c5 25. b3 Qh3+ 26. Kf2 g5 27.
Ke1 Rh4 28. Rg1 Qd7 29. f4 Rh3 30. Rg3 Rxg3 31. hxg3 Qh3 32. fxg5 Qxg3+ 33.
Rf2+ Kg8 34. Bf5 hxg5 35. Kf1 Kf7 36. Rg2 Qf3+ 37. Kg1 Ke8 38. Bg4 Qd3 39. Bxg5
Qxc3 40. Re2+ Kf8 41. Rf2+ Kg8 42. Bf6 Qg3+ 43. Kf1 Qd3+ 44. Kg1 Qe3 45. Kf1 d4
46. Re2 Qf4+ 47. Rf2 Qe4 48. Re2 Qh1+ 49. Kf2 Kf7 50. Bg5 d3 51. Re7+ Kg6 0-1

[Event "20m + 5s, rated"]
[Site "?"]
[Date "2009.09.01"]
[Round "?"]
[White "Maschanska"]
[Black "April6"]
[Result "1-0"]
[WhiteElo "2536"]
[BlackElo "2162"]
[PlyCount "111"]
[EventDate "2009.09.04"]
[EventType "rapid"]
[SourceTitle "OM Portal C 201906"]
[Source "Opening Master"]
[SourceDate "2019.06.27"]
[SourceVersion "1"]
[SourceVersionDate "2019.06.27"]
[SourceQuality "1"]

1. Nf3 Nc6 2. e4 e5 3. c3 Nf6 4. d4 exd4 5. e5 Nd5 6. cxd4 d6 7. Bb5 Bd7 8. O-O
Be7 9. Qe2 O-O 10. Nc3 Nxc3 11. bxc3 dxe5 12. dxe5 a6 13. Bd3 h6 14. h3 Be6 15.
a4 b6 16. Be3 a5 17. Bb5 Na7 18. Bc4 Qd7 19. Nd4 Bxc4 20. Qxc4 c5 21. Nf3 Nc6
22. Rfb1 Rab8 23. Kf1 Rfe8 24. Rd1 Qc7 25. Bf4 Bd8 26. e6 Qe7 27. exf7+ Qxf7
28. Qxf7+ Kxf7 29. Bxb8 Nxb8 30. Ne5+ Kf6 31. Nc4 Bc7 32. Re1 Rd8 33. Rad1 Nc6
34. Rxd8 Nxd8 35. g3 Ne6 36. Rb1 g5 37. Nxb6 Ke7 38. Nd5+ Kd6 39. Nxc7 Kxc7 40.
Rb5 Kc6 41. Rxa5 Kb6 42. Ra8 Nc7 43. Rh8 Ka5 44. Rxh6 Kxa4 45. h4 gxh4 46. gxh4
Nd5 47. c4 Nf4 48. h5 Kb4 49. Rb6+ Kxc4 50. h6 Kd3 51. h7 c4 52. h8=Q c3 53.
Qe5 c2 54. Rc6 Kd2 55. Qe1+ Kd3 56. Qe3# 1-0

[Event "EU-ch U18 Girls 19th"]
[Site "Fermo"]
[Date "2009.08.31"]
[Round "1"]
[White "Mammadova, Gulnar Marfat Qizi"]
[Black "Brunello, Roberta"]
[Result "1-0"]
[WhiteElo "2209"]
[BlackElo "1956"]
[PlyCount "61"]
[EventDate "2009.08.31"]
[EventType "swiss"]
[EventRounds "9"]
[EventCountry "ITA"]
[SourceTitle "CBM 132 Extra"]
[Source "ChessBase"]
[SourceDate "2009.11.03"]
[SourceVersion "1"]
[SourceVersionDate "2009.11.03"]
[SourceQuality "1"]

1. e4 e5 2. Nf3 Nc6 3. c3 Nf6 4. d4 exd4 5. e5 Ne4 6. Qe2 d5 7. exd6 f5 8. Nbd2
d3 9. Qe3 Bxd6 10. Nxe4 fxe4 11. Qxe4+ Ne7 12. Bxd3 Bf5 13. Qa4+ Qd7 14. Qxd7+
Kxd7 15. Bxf5+ Nxf5 16. O-O Rae8 17. Bd2 a6 18. Rfe1 Kc6 19. Kf1 Kc5 20. g4 Ne7
21. b4+ Kc6 22. c4 Ng6 23. Bc3 Rxe1+ 24. Rxe1 Rf8 25. Nd4+ Kd7 26. Nf5 Bxh2 27.
Bxg7 Rf7 28. Kg2 h5 29. gxh5 Rxf5 30. hxg6 Bf4 31. Rg1 1-0

[Event "Szachowe Mistrzostwa Polski Osob Niepel"]
[Site "?"]
[Date "2009.08.31"]
[Round "?"]
[White "Niezgoda, Boleslaw"]
[Black "Turek, Andrzej"]
[Result "0-1"]
[WhiteElo "1769"]
[BlackElo "2039"]
[PlyCount "88"]
[EventDate "2009.??.??"]
[SourceTitle "OM OTB B 201907"]
[Source "Opening Master"]
[SourceDate "2019.07.06"]
[SourceVersion "2"]
[SourceVersionDate "2019.07.06"]
[SourceQuality "1"]

1. e4 e5 2. Nf3 Nc6 3. c3 Nf6 4. Qc2 d5 5. exd5 Nxd5 6. Bb5 f6 7. O-O Bd7 8. a3
a6 9. Bc4 Nb6 10. Ba2 Bg4 11. Qe4 Qd7 12. d4 f5 13. Qe3 Nd5 14. Bxd5 Qxd5 15.
Nbd2 e4 16. c4 Qd7 17. d5 Ne7 18. Ne5 Qd6 19. Nxg4 h5 20. Qb3 hxg4 21. Qg3 Qxg3
22. fxg3 Rh5 23. Nb3 Ng6 24. Be3 O-O-O 25. Nd4 Bc5 26. b4 Bxd4 27. Bxd4 Rdh8
28. Bxg7 R8h7 29. Bd4 Rxh2 30. Rxf5 e3 31. Kf1 Re7 32. Re1 Re4 33. Bxe3 Rh1+
34. Bg1 Rxe1+ 35. Kxe1 Rxg1+ 36. Kf2 Ra1 37. Rg5 Ne7 38. Rxg4 Rxa3 39. Rf4 Rb3
40. g4 Rxb4 41. g5 Kd8 42. Rf8+ Kd7 43. Rf7 Rxc4 44. g6 Rg4 0-1

[Event "FICS rated standard game"]
[Site "FICS freechess.org"]
[Date "2009.08.31"]
[Round "?"]
[White "cynick"]
[Black "GriffyJr"]
[Result "1-0"]
[WhiteElo "2160"]
[BlackElo "2009"]
[PlyCount "115"]
[EventDate "2009.??.??"]
[SourceTitle "OM Portal C 201906"]
[Source "Opening Master"]
[SourceDate "2019.06.27"]
[SourceVersion "1"]
[SourceVersionDate "2019.06.27"]
[SourceQuality "1"]

1. e4 e5 2. Nf3 Nc6 3. c3 Nf6 4. d4 d6 5. Bb5 Bd7 6. Nbd2 Be7 7. O-O O-O 8. Re1
Nxd4 9. cxd4 Bxb5 10. dxe5 dxe5 11. Nxe5 Nd7 12. Nxd7 Qxd7 13. Nf3 Rad8 14.
Qxd7 Rxd7 15. Be3 c5 16. Ne5 Rdd8 17. Red1 f6 18. Nf3 Bd3 19. Nd2 Be2 20. Rdc1
Rfe8 21. f3 g5 22. Kf2 Bb5 23. Nf1 b6 24. Rd1 Bd6 25. h3 Ba4 26. b3 Bb5 27. Rd2
Be5 28. Rad1 Rxd2+ 29. Rxd2 Bc3 30. Rd1 Bc6 31. Ng3 Kf7 32. Nf5 Kg6 33. g4 Be5
34. h4 a6 35. hxg5 fxg5 36. Rh1 Re6 37. Rh6+ Kf7 38. Rxh7+ Kg8 39. Re7 Rxe7 40.
Nxe7+ Kf7 41. Nxc6 Bf4 42. Bxf4 gxf4 43. e5 Ke6 44. Ke2 Kd5 45. g5 Ke6 46. Kd3
Kf5 47. g6 Kxg6 48. Ke4 Kg5 49. e6 Kf6 50. e7 Kf7 51. Kxf4 Ke8 52. Ke5 a5 53.
Kd5 a4 54. f4 b5 55. f5 axb3 56. Ke6 c4 57. f6 c3 58. f7# 1-0

[Event "Pinneberg-ch"]
[Site "Pinneberg"]
[Date "2009.08.27"]
[Round "1"]
[White "Kurzynsky, Mirko"]
[Black "Mungard, Jens Uwe"]
[Result "1-0"]
[WhiteElo "2014"]
[BlackElo "1494"]
[PlyCount "25"]
[EventDate "2009.08.27"]
[EventType "swiss"]
[EventRounds "7"]
[EventCountry "GER"]
[SourceTitle "EXT 2012"]
[Source "ChessBase"]
[SourceDate "2011.11.24"]
[SourceVersion "1"]
[SourceVersionDate "2011.11.24"]
[SourceQuality "1"]

1. e4 e5 2. Nf3 Nc6 3. c3 Nf6 4. d4 exd4 5. e5 Qe7 6. cxd4 d6 7. Bb5 Bg4 8. O-O
a6 9. Bxc6+ bxc6 10. exf6 Qxf6 11. Nbd2 Be7 12. h3 Bh5 13. Qa4 1-0